El Marqués de la Ensenada a través de su correspondencia íntima / (Record no. 73506)

MARC details
000 -LEADER
campo de control de longitud fija 00728nam a2200193 i 4500
001 - NÚMERO DE CONTROL
campo de control 73506
003 - IDENTIFICADOR DE NÚMERO DE CONTROL
campo de control ES-MaACL
005 - FECHA Y HORA DE LA ÚLTIMA TRANSACCIÓN
campo de control 20231218202341.0
007 - CAMPO FIJO DE DESCRIPCIÓN FÍSICA--INFORMACIÓN GENERAL
campo de control de longitud fija t|
008 - DATOS DE LONGITUD FIJA--INFORMACIÓN GENERAL
campo de control de longitud fija 040908s1955 sp ||||1| spa d
100 1# - ENTRADA PRINCIPAL--NOMBRE DE PERSONA
Nombre de persona Gómez Molleda, María Dolores,
Fechas asociadas al nombre 1922-2017
9 (RLIN) 58053
245 13 - MENCIÓN DEL TÍTULO
Título El Marqués de la Ensenada a través de su correspondencia íntima /
Mención de responsabilidad, etc. María Dolores Gómez Molleda.
260 ## - PUBLICACIÓN, DISTRIBUCIÓN, ETC.
Lugar de publicación, distribución, etc. Madrid :
Nombre del editor, distribuidor, etc. [s.n.,
Fecha de publicación, distribución, etc. 1955] (
Fabricante Nuevas Gráficas)
300 ## - DESCRIPCIÓN FÍSICA
Extensión 89 p. ;
Dimensiones 24 cm.
500 ## - NOTA GENERAL
Nota general Es separata de: Cuadernos de la Institución Teresiana, Nº2, 1955.
600 14 - PUNTO DE ACCESO ADICIONAL DE MATERIA--NOMBRE DE PERSONA
Nombre de persona Ensenada, Zenón de Somodevilla y Bengoechea
Títulos y otros términos asociados al nombre Marqués de la.
9 (RLIN) 126942
852 ## - LOCALIZACIÓN
Ubicación ES-MaACL
Número de control de estantería 1984-F-10
Sublocalización o colección R.41282
Holdings
Estatus retirado Estado de pérdida Estado de daño No para préstamo Colección Biblioteca de origen Biblioteca actual Ubicación en estantería Fecha de adquisición Fuente de adquisición Total de préstamos Signatura topográfica completa Código de barras Visto por última vez Precio de reemplazo Tipo de ítem Koha
        Colección de folletos Biblioteca del Ateneo de Madrid Biblioteca del Ateneo de Madrid Depósito folletos 17/01/2008     1984-F-10 1076939 23/02/2023 23/02/2023 Folleto